Classical Percussion A to Z - Statistics

General Stats
  • This quiz has been taken 19 times
  • The average score is 12 of 26
Answer Stats
Letter Hint Answer % Correct
H One of the types of cymbals in a standard drum set. Hi-hat
88%
J Country where the solo marimba was developed extensively in the 1960s. Japan
75%
I The state where Third Coast Percussion is based in. Illinois
69%
L Percussion online shop in USA, headquartered in Texas. Lone Star Percussion
69%
N Michael Burritt is professor of percussion at a university located in this state. New York
69%
R Music genre brought prominent by George Hamilton Green, who wrote a number of pieces of this genre for xylophone. Ragtime
69%
B American jazz vibraphonist, who was credited with inventing one of the cross grips. Gary Burton
63%
M Major cymbal manufacturer, along with Zildjian, Paiste and Sabian. Meinl
63%
F Keiko Abe's first solo composition. Frogs
56%
P One of the flam rudiments, which involves groups of 16th notes and playing a flam at the first and the last note of each group. Pataflafla
56%
Y One of the most famous elementary 4-mallet pieces in marimba repertoire, written in modal. Yellow After The Rain
56%
E The first name of a deaf Scottish percussion virtuoso, who also wrote A Little Prayer. Evelyn
50%
G This country's national instrument is the marimba. Guatemala
50%
W Notorious piece by Casey Cangelosi, known for quick running notes and near-impossible playing. White Knuckle Stroll
50%
D The title of an avantgarde multipercussion piece by Morton Feldman: The King of _______ Denmark
44%
Z Serbian-German composer known for his works 'Ilijas', 'Pezzo da Concerto No. 1', and 'Ultimatum No. 2', just to name a few. Nebojsa Jovan Zivkovic
44%
K Advanced solo marimba work based on Qawwali music by Alejandro Vinao. Khan Variations
31%
O Famous marimba quartet work by Nigel Westlake, inspired by a painting of the same name by Paul Klee. Omphalo Centric Lecture
31%
Q Percussion duo consisting of Gene Koshinski and Tim Broscious. Quey Percussion Duo
25%
S The founder of Marimba One. Ron Samuels
25%
V Composer of multipercussion piece 'She Who Sleeps with a Small Blanket'. Kevin Volans
19%
C The composer of the first Marimba Concerto ever written. Paul Creston
19%
A The title of a piece written by Gordon Stout, commonly associated with his Two Mexican Dances. Astral Dance
13%
X Keiko Abe founded this chamber music group with her friends in 1962. Xebec Marimba Trio
13%
U The only female member of the Wave Quartet, and a member of the Wave Duo. A famous piece of hers is The Art of Thangka. Emiko Uchiyama
6%
T Piece arranged by Nanae Mimura, based on a very famous Baroque piece. Transformation of Pachelbel's Canon
6%
No matching quizzes found
Score Distribution
Percent of People with Each Score
Percentile by Number Answered
Your Score History
You have not taken this quiz